000 00319nam a22001337a 4500
008 170601b xxu||||| |||| 00| 0 eng d
020 _a9780205012039
041 _aeng
080 _27TH
_a94(7/8)
100 _a17
101 _aSHH
245 _aOUT OF MANY A HISTORY OF THE AMERICAN PEOPLE
_cMACK,J
942 _2udc
_cBK
999 _c15400
_d15400